000 00696nam a2200241 a 4500
001 BRCA_8103
005 20190320210131.0
008 080414s1964----fr-a###f##---#000-0#fre-#
041 _afre
044 _afr
050 4 _aND1640
_b.G8
_c1964
100 1 _aGuillerme, Jacques
_920160
245 1 0 _aL´atelier du temps
_bessai sur l`altération des peintures
_cJacques Guillerme.
260 _aFrance
_bHermann
_c1964
300 _a264 p.
_bil.
_c23 cm.
500 _aY150
504 _aBibliografía cronológica p 211-233
650 1 4 _aPintura
_vAlteración
_920161
650 1 4 _aPintura
_vDescomposición
_920162
650 1 4 _aPintura
_vPreservación
_920163
902 _aGFM
942 _2lcc
_cB
999 _c7771
_d7771